|
|
|
|
| LEADER |
00000nam0a2200000 4500 |
| 001 |
43313 |
| 005 |
20231031020052.0 |
| 010 |
|
|
|a 5110001863
|
| 035 |
|
|
|a (RuTPU)RU\TPU\book\44791
|
| 090 |
|
|
|a 43313
|
| 100 |
|
|
|a 20021007d1989 m y0rusy50 ca
|
| 101 |
0 |
|
|a rus
|
| 102 |
|
|
|a UA
|
| 105 |
|
|
|a a j 001zy
|
| 200 |
1 |
|
|a Основы теплопередачи
|e учебник для вузов
|f Н. М. Беляев
|
| 210 |
|
|
|a Киев
|c Выща школа
|d 1989
|
| 215 |
|
|
|a 343 с.
|c ил.
|
| 320 |
|
|
|a Библиогр.: с. 336-339
|
| 320 |
|
|
|a Предм. указ.: с. 339-341
|
| 610 |
1 |
|
|a физика
|
| 610 |
1 |
|
|a теплопередача
|
| 610 |
1 |
|
|a теплопроводность
|
| 610 |
1 |
|
|a конвективный теплообмен
|
| 610 |
1 |
|
|a фазовые превращения
|
| 610 |
1 |
|
|a лучистый теплообмен
|
| 610 |
1 |
|
|a прикладные задачи
|
| 610 |
1 |
|
|a учебники
|
| 675 |
|
|
|a 536.2(075.8)
|v 3
|
| 700 |
|
1 |
|a Беляев
|b Н. М.
|g Николай Михайлович
|
| 801 |
|
1 |
|a RU
|b 63413507
|c 20021007
|g PSBO
|
| 801 |
|
2 |
|a RU
|b 63413507
|c 20200914
|g PSBO
|
| 942 |
|
|
|c BK
|